| 000 | 00352nam a2200145Ia 4500 | ||
|---|---|---|---|
| 008 | 230917s9999||||xx |||||||||||||| ||und|| | ||
| 040 |
_e138626 _aMAIN |
||
| 041 | _aEnglish | ||
| 082 | _a843.09 R763M:R | ||
| 100 | _aMartin, Graham | ||
| 245 | 0 | _aRousseau | |
| 260 |
_aMilton Keynes _bOpen University Press _c1976 |
||
| 300 | _a93p. p. | ||
| 942 | _cBK | ||
| 999 |
_c191575 _d191575 |
||